| 000 | 004720000a22001810004500 | ||
|---|---|---|---|
| 003 | MACL | ||
| 005 | 20151231162159.0 | ||
| 008 | 151231b xxu||||| |||| 00| 0 eng d | ||
| 040 |
_aMACL _cMACL |
||
| 041 | _aEnglish | ||
| 082 | _a340/BAR | ||
| 100 |
_aBarwell, N _925946 |
||
| 245 |
_aThe Law Relating to Service In India _bvol 2 Service in Industry |
||
| 260 |
_bOrient Longmans Ltd _c1956 _aBombay |
||
| 350 | _a37 | ||
| 650 |
_aLaw _925947 |
||
| 942 |
_cBK _k340/BAR _2ddc |
||
| 999 |
_c39145 _d39145 |
||